003150000a22001090004500090001700000245006300017041001400080100003900094942001300133773004200146999001700188 aASbSeriadas10aCatálogo de las plantas del Parque Nacional de Munchique0 aEspañol1 aFernández Pérez, Alvaro994010 cARTICULO1 tNovedades Colombianash6q30-45d1994 c16088d16088